<?xml version="1.0" encoding="UTF-8"?>
<record
    xmlns:xsi="http://www.w3.org/2001/XMLSchema-instance"
    xsi:schemaLocation="http://www.loc.gov/MARC21/slim http://www.loc.gov/standards/marcxml/schema/MARC21slim.xsd"
    xmlns="http://www.loc.gov/MARC21/slim">

  <leader>00427nam a22001577a 4500</leader>
  <datafield tag="999" ind1=" " ind2=" ">
    <subfield code="c">12422</subfield>
    <subfield code="d">12422</subfield>
  </datafield>
  <controlfield tag="008">210201b           ||||| |||| 00| 0 eng d</controlfield>
  <datafield tag="082" ind1="0" ind2="0">
    <subfield code="a">621.38413 </subfield>
    <subfield code="b">C2777</subfield>
  </datafield>
  <datafield tag="100" ind1=" " ind2=" ">
    <subfield code="9">4487</subfield>
    <subfield code="a">Caringella, Charles</subfield>
  </datafield>
  <datafield tag="245" ind1="1" ind2="0">
    <subfield code="a">Amateur radio mobile handbook</subfield>
  </datafield>
  <datafield tag="250" ind1=" " ind2=" ">
    <subfield code="a">1st ed.</subfield>
  </datafield>
  <datafield tag="260" ind1=" " ind2=" ">
    <subfield code="a">Slough </subfield>
    <subfield code="b">W. Foulsham &amp; Co. </subfield>
    <subfield code="c">1967</subfield>
  </datafield>
  <datafield tag="300" ind1=" " ind2=" ">
    <subfield code="a">136p.</subfield>
  </datafield>
  <datafield tag="365" ind1=" " ind2=" ">
    <subfield code="d">21.60</subfield>
  </datafield>
  <datafield tag="650" ind1=" " ind2="0">
    <subfield code="a">Mobile Radio Station</subfield>
  </datafield>
  <datafield tag="942" ind1=" " ind2=" ">
    <subfield code="c">BK</subfield>
  </datafield>
  <datafield tag="952" ind1=" " ind2=" ">
    <subfield code="0">0</subfield>
    <subfield code="1">0</subfield>
    <subfield code="2">ddc</subfield>
    <subfield code="4">0</subfield>
    <subfield code="6">621_384130000000000_C2777</subfield>
    <subfield code="7">0</subfield>
    <subfield code="9">23016</subfield>
    <subfield code="a">CL</subfield>
    <subfield code="b">CL</subfield>
    <subfield code="d">1971-07-01</subfield>
    <subfield code="e">Sankar&#x2019;s Book Agency</subfield>
    <subfield code="o">621.38413  C2777</subfield>
    <subfield code="p">03709</subfield>
    <subfield code="r">2021-02-01</subfield>
    <subfield code="y">BK</subfield>
  </datafield>
</record>
